| 000 | 00342nam a2200109Ia 4500 | ||
|---|---|---|---|
| 008 | 210430s9999 xx 000 0 und d | ||
| 020 | _a0-918684-08-0 | ||
| 082 | _a917 C1721R | ||
| 100 |
_aFort Lesley J. McNair _954565 |
||
| 245 |
_aRebert Cameron's Above Washington Introduction by Alistair Cooke _cFort Lesley J. McNair |
||
| 942 |
_cBK _2ddc |
||
| 999 |
_c565186 _d565186 |
||